• 首页
  • 本馆介绍
  • 公告通知
  • 最新文献
  • 馆藏检索
  • 电子资源
  • 读者导购
  • 参考咨询
  • 我的图书馆
  • 登录
  • 详细信息显示
  • 放入我的书架
  • 预约/预借图书
  • 作者相关作品
  • 分类相关作品
  • 丛书相关作品
  • 出版社相关作品

书目信息

  • 表格格式
  • 工作单格式
  • 卡片格式
题名:
大话单词
    
 
作者: 王鑫 主编
分册:  
出版信息: 北京   中国水利水电出版社  2017.07
页数: 265页
开本: 23cm
丛书名:
单 册:
中图分类: H313.9-49
科图分类:
主题词: 英语--词源--通俗读物
电子资源:
ISBN: 978-7-5170-5698-0
000 00862nam0 2200253 450
001 0102100414
005 20210406083129.85
010    @a978-7-5170-5698-0@dCNY49.80
100    @a20181129e20202017em y0chiy50 ea
101 0  @achi@aeng
102    @aCN@b110000
105    @aa z 000yy
106    @ar
200 1  @a大话单词@Ada hua dan ci@e你不可不知的词源故事@f王鑫主编
205    @a3版
210    @a北京@c中国水利水电出版社@d2017.07@h2020.09
215    @a265页@c图@d23cm
330    @a本书从神话传说、宗教文化、生活词源三个方面,讲述了一个个词源故事,同时故事中还涉及了重要的词根词缀,并给出了相应的例句。
517 1  @a你不可不知的词源故事@Ani bu ke bu zhi de ci yuan gu shi
606 0  @a英语@x词源@j通俗读物
690    @aH313.9-49@v5
701  0 @a王鑫@Awang xin@c(英语)@4主编
801  0 @aCN@bBJSZM@c20210402
905    @b1275000-4@dH313.9-49@e922=3@f5
    
    大话单词:你不可不知的词源故事/王鑫主编.-3版.-北京:中国水利水电出版社,2017.07(2020.09)
    265页:图;23cm
    
    
    ISBN 978-7-5170-5698-0:CNY49.80
    本书从神话传说、宗教文化、生活词源三个方面,讲述了一个个词源故事,同时故事中还涉及了重要的词根词缀,并给出了相应的例句。
●
相关链接 在E读中查询图书 在五车中查询图书 在当当中查询图书 在豆瓣中查询图书


正题名:大话单词     索取号:H313.9-49/922=3         预约/预借

序号 登录号 条形码 馆藏地/架位号 状态 备注
1 1275000   212750003   第二样本阅览室/ [索取号:H313.9-49/922=3] 在馆    
2 1275001   212750012   教育系资料室/ [索取号:H313.9-49/922=3] 在馆    
3 1275002   212750021   教育系资料室/ [索取号:H313.9-49/922=3] 在馆    
4 1275003   212750030   第四借阅区/ [索取号:H313.9-49/922=3] 在馆    
5 1275004   212750049   第四借阅区/ [索取号:H313.9-49/922=3] 在馆    
唐山师范学院图书馆 欢迎您!
大连网信软件有限公司© 版权所有